<?xml version="1.0" encoding="UTF-8"?>
<record
    xmlns:xsi="http://www.w3.org/2001/XMLSchema-instance"
    xsi:schemaLocation="http://www.loc.gov/MARC21/slim http://www.loc.gov/standards/marcxml/schema/MARC21slim.xsd"
    xmlns="http://www.loc.gov/MARC21/slim">

  <leader>00458nam a22001817a 4500</leader>
  <controlfield tag="005">20230821110716.0</controlfield>
  <controlfield tag="008">210301b           ||||| |||| 00| 0 eng d</controlfield>
  <datafield tag="020" ind1=" " ind2=" ">
    <subfield code="a">9789352705473</subfield>
  </datafield>
  <datafield tag="041" ind1=" " ind2=" ">
    <subfield code="a">eng</subfield>
  </datafield>
  <datafield tag="082" ind1=" " ind2=" ">
    <subfield code="a">612 MOH-T</subfield>
  </datafield>
  <datafield tag="100" ind1=" " ind2=" ">
    <subfield code="a">MOHAN HARSH</subfield>
    <subfield code="9">8108</subfield>
  </datafield>
  <datafield tag="245" ind1=" " ind2=" ">
    <subfield code="a">TEXTBOOK OF PATHOLOGY</subfield>
  </datafield>
  <datafield tag="250" ind1=" " ind2=" ">
    <subfield code="a">8'TH</subfield>
  </datafield>
  <datafield tag="260" ind1=" " ind2=" ">
    <subfield code="a">NEW DELHI</subfield>
    <subfield code="b">JAYPEE BROTHER'S MEDICAL PUBLISHER </subfield>
    <subfield code="c">2021</subfield>
  </datafield>
  <datafield tag="300" ind1=" " ind2=" ">
    <subfield code="a">1010, p.</subfield>
  </datafield>
  <datafield tag="650" ind1=" " ind2=" ">
    <subfield code="a">PHARMACY</subfield>
    <subfield code="x">D.PHARMA</subfield>
    <subfield code="9">8109</subfield>
  </datafield>
  <datafield tag="942" ind1=" " ind2=" ">
    <subfield code="c">BK</subfield>
  </datafield>
  <datafield tag="999" ind1=" " ind2=" ">
    <subfield code="c">7500</subfield>
    <subfield code="d">7498</subfield>
  </datafield>
  <datafield tag="952" ind1=" " ind2=" ">
    <subfield code="0">0</subfield>
    <subfield code="1">0</subfield>
    <subfield code="4">0</subfield>
    <subfield code="7">0</subfield>
    <subfield code="8">PHYSIOTHERAPY</subfield>
    <subfield code="a">JRU</subfield>
    <subfield code="b">JRU</subfield>
    <subfield code="c">SHELF-28-A</subfield>
    <subfield code="d">2021-03-01</subfield>
    <subfield code="e">UNNATI PUBLICATION  PURCHASE 1908-/17-02-2021</subfield>
    <subfield code="g">2395.00</subfield>
    <subfield code="l">15</subfield>
    <subfield code="m">3</subfield>
    <subfield code="o">612 MOH-T</subfield>
    <subfield code="p">25718</subfield>
    <subfield code="r">2025-12-23 11:14:12</subfield>
    <subfield code="s">2025-12-16</subfield>
    <subfield code="w">2021-03-01</subfield>
    <subfield code="y">BK</subfield>
  </datafield>
  <datafield tag="952" ind1=" " ind2=" ">
    <subfield code="0">0</subfield>
    <subfield code="1">0</subfield>
    <subfield code="4">0</subfield>
    <subfield code="7">0</subfield>
    <subfield code="8">PHYSIOTHERAPY</subfield>
    <subfield code="a">JRU</subfield>
    <subfield code="b">JRU</subfield>
    <subfield code="c">Shelf - 25- F</subfield>
    <subfield code="d">2023-08-05</subfield>
    <subfield code="e">PURCHASE [LBI]</subfield>
    <subfield code="g">2795.00</subfield>
    <subfield code="h">9TH ED, 2023</subfield>
    <subfield code="l">5</subfield>
    <subfield code="m">1</subfield>
    <subfield code="o">612 MOH-T</subfield>
    <subfield code="p">27888</subfield>
    <subfield code="r">2025-12-23 11:01:19</subfield>
    <subfield code="s">2025-12-09</subfield>
    <subfield code="w">2023-08-05</subfield>
    <subfield code="y">BK</subfield>
  </datafield>
  <datafield tag="952" ind1=" " ind2=" ">
    <subfield code="0">0</subfield>
    <subfield code="1">0</subfield>
    <subfield code="4">0</subfield>
    <subfield code="7">0</subfield>
    <subfield code="8">PHYSIOTHERAPY</subfield>
    <subfield code="a">JRU</subfield>
    <subfield code="b">JRU</subfield>
    <subfield code="c">Shelf - 24- F</subfield>
    <subfield code="d">2023-08-05</subfield>
    <subfield code="e">PURCHASE</subfield>
    <subfield code="g">2795.00</subfield>
    <subfield code="h">9TH ED, 2023</subfield>
    <subfield code="l">10</subfield>
    <subfield code="m">4</subfield>
    <subfield code="o">612 MOH-T</subfield>
    <subfield code="p">27889</subfield>
    <subfield code="r">2025-12-29 06:36:52</subfield>
    <subfield code="s">2025-12-10</subfield>
    <subfield code="w">2023-08-05</subfield>
    <subfield code="y">BK</subfield>
  </datafield>
  <datafield tag="952" ind1=" " ind2=" ">
    <subfield code="0">0</subfield>
    <subfield code="1">0</subfield>
    <subfield code="4">0</subfield>
    <subfield code="7">0</subfield>
    <subfield code="8">PHYSIOTHERAPY</subfield>
    <subfield code="a">JRU</subfield>
    <subfield code="b">JRU</subfield>
    <subfield code="c">Shelf - 25- C</subfield>
    <subfield code="d">2023-08-05</subfield>
    <subfield code="e">PURCHASE</subfield>
    <subfield code="g">2795.00</subfield>
    <subfield code="h">9TH ED, 2023</subfield>
    <subfield code="l">9</subfield>
    <subfield code="m">2</subfield>
    <subfield code="o">612 MOH-T</subfield>
    <subfield code="p">27890</subfield>
    <subfield code="r">2026-01-05 09:44:52</subfield>
    <subfield code="s">2025-08-21</subfield>
    <subfield code="w">2023-08-05</subfield>
    <subfield code="y">BK</subfield>
  </datafield>
</record>
